Procesy integracyjne we współczesnej gospodarce światowej
Uložené v:
| Ďalší autori: | |
|---|---|
| Médium: | Kniha |
| Jazyk: | Polish English |
| Vydavateľské údaje: |
Poznań
Wydawnictwo Akademii Ekonomicznej w Poznaniu
2008
|
| Edícia: | Zeszyty naukowe
109 |
| Predmet: | |
| Tagy: |
Žiadne tagy, Buďte prvý, kto otaguje tento záznam!
|
MARC
| LEADER | 00000nam$a2200000$$$4500 | ||
|---|---|---|---|
| 001 | 0107768 | ||
| 005 | 20230120103823.3 | ||
| 020 | |a 978-83-7417-338-4 | ||
| 022 | |a 1641-2168 | ||
| 041 | 0 | |a pol | |
| 041 | 0 | |a eng | |
| 044 | |a PL | ||
| 245 | 1 | 0 | |a Procesy integracyjne we współczesnej gospodarce światowej |c redaktor naukowy Tomasz Rynarzewski |
| 264 | 1 | |a Poznań |b Wydawnictwo Akademii Ekonomicznej w Poznaniu |c 2008 | |
| 300 | |a 206 s. | ||
| 490 | 1 | |a Zeszyty naukowe |v 109 | |
| 830 | 0 | |a Zeszyty naukowe |v 109 | |
| 610 | 2 | 0 | |a Európska únia |
| 610 | 2 | 0 | |a integrácia |
| 610 | 2 | 0 | |a integrácia ekonomická |
| 610 | 2 | 0 | |a integrácia ekonomická medzinárodná |
| 610 | 2 | 0 | |a politika regionálna |
| 610 | 2 | 0 | |a investície zahraničné |
| 610 | 2 | 0 | |a Poľsko |
| 700 | 1 | |a Rynarzewski, Tomasz | |